000 00662nmm a2200253 a 4500
003 AR-BaBNM
005 20251128204641.0
008 046019s1992 ||||||||||||||000 | spa||
020 _a956-13-1005-8
040 _cAR-BaBNM
100 1 _aCrompton, Richmal
_d1890-1969
245 1 0 _aGuillermo
250 _a1ª ed.
260 _aSantiago de Chile
_bEditorial Andrés Bello
_c1992
300 0 _a133 p.
_bil.
650 4 _aLITERATURA INFANTIL
650 4 _aCUENTO INFANTIL
653 0 _aCUENTOS DE MISTERIO
655 _aLITERATURA
700 1 _aLandeta, Carmen
_eilustrador
700 1 _aDuhart, María Rosa
_etraductor
942 _cBK
998 _cisola
999 _c8222
_d8222